00555nam a2200169 a 4500003000200000005001700002008004100019050002600060245004100086260003200127300000700159440005500166650001200221942001200233999001900245952012100264020170223143849.0070806s19uu xx 00 eng d aTR(GS 372.4bLET 1981 aThe letter People: G:bSkillbook 18. aU.S.A :bWorld book,c1981. a13 aA world book- Childcraft reading readiness program aReading 2ddccBK c105882d105882 00102ddc40aELbELcTRd2007-08-06eDONATIONl0oTR(GS 372.4 LET 1981pE10850r2014-04-12 00:00:00w2014-04-12yBK